Энергетические характеристики активной зоны ИРТ-Т при переводе на низкообогащенное топливо: автореферат диссертации на соискание ученой степени кандидата физико-математических наук; спец. 01.04.14

Detalhes bibliográficos
Autor principal: Наймушин А. Г. Артем Георгиевич
Autor Corporativo: Национальный исследовательский Томский политехнический университет (ТПУ)
Outros Autores: Бойко В. И. Владимир Ильич (научный руководитель)
Resumo:Защита сост. 11.09.2013 г.
For_staff_use
Idioma:russo
Publicado em: Томск, 2013
Assuntos:
Formato: MixedMaterials Livro
KOHA link:https://koha.lib.tpu.ru/cgi-bin/koha/opac-detail.pl?biblionumber=243818

MARC

LEADER 00000nam0a2200000 4500
001 243818
005 20231218164015.0
035 |a (RuTPU)RU\TPU\book\265171 
090 |a 243818 
100 |a 20131007d2013 k y0rusy50 ca 
101 0 |a rus 
102 |a RU 
105 |a a dm 001zy 
200 1 |a Энергетические характеристики активной зоны ИРТ-Т при переводе на низкообогащенное топливо  |e автореферат диссертации на соискание ученой степени кандидата физико-математических наук  |e спец. 01.04.14  |f А. Г. Наймушин  |g Национальный исследовательский Томский политехнический университет (ТПУ) ; науч. рук. В. И. Бойко 
210 |a Томск  |d 2013 
215 |a 21 с.  |c ил. 
300 |a Защита сост. 11.09.2013 г. 
320 |a Библиогр.: с. 19-21 (21 назв.). 
371 0 |a For_staff_use 
606 1 |a Ядерные реакторы, исследовательские  |2 stltpush  |3 (RuTPU)RU\TPU\subj\21721  |9 46673 
610 1 |a активная зона 
610 1 |a нейтронно-физические параметры 
610 1 |a теплогидравлические параметры 
610 1 |a расчет 
610 1 |a оптимальные параметры 
610 1 |a модели 
610 1 |a тестирование 
610 1 |a теплофизические характеристики 
610 1 |a авторефераты диссертаций 
610 1 |a труды учёных ТПУ 
675 |a 621.039.55(04)  |v 3 
686 |a 01.04.14  |2 oks 
700 1 |a Наймушин  |b А. Г.  |c специалист в области ядерных технологий  |c ассистент Томского политехнического университета  |f 1986-  |g Артем Георгиевич  |3 (RuTPU)RU\TPU\pers\26460  |9 12163 
702 1 |a Бойко  |b В. И.  |c российский физик-ядерщик  |c профессор Томского политехнического университета, доктор физико-математических наук  |f 1943-  |g Владимир Ильич  |3 (RuTPU)RU\TPU\pers\21949  |4 727 
712 0 2 |a Национальный исследовательский Томский политехнический университет (ТПУ)  |c (2009- )  |3 (RuTPU)RU\TPU\col\15902 
801 1 |a RU  |b 63413507  |c 20131007 
801 2 |a RU  |b 63413507  |c 20131017  |g RCR 
942 |c BK